ARRUPE JESUIT UNIVERSITY

CORONAVIRUS -STOP THE SPREAD - CLEAN,DISINFECT,COVER

The perfect crime / (Record no. 120919)

MARC details
000 -LEADER
fixed length control field 02003cam a22003854a 4500
001 - CONTROL NUMBER
control field 15207013
003 - CONTROL NUMBER IDENTIFIER
control field ARRUPE
005 - DATE AND TIME OF LATEST TRANSACTION
control field 20140924131543.0
008 - FIXED-LENGTH DATA ELEMENTS--GENERAL INFORMATION
fixed length control field 080305r20081996enk b 000 0 eng c
010 ## - LIBRARY OF CONGRESS CONTROL NUMBER
LC control number 2008297413
020 ## - INTERNATIONAL STANDARD BOOK NUMBER
International Standard Book Number 9781844672035
020 ## - INTERNATIONAL STANDARD BOOK NUMBER
International Standard Book Number 1844672034
035 ## - SYSTEM CONTROL NUMBER
System control number (OCoLC)ocn154707551
040 ## - CATALOGING SOURCE
Original cataloging agency BTCTA
Transcribing agency BTCTA
Modifying agency BAKER
-- YDXCP
-- ZQP
-- DLC
041 1# - LANGUAGE CODE
Language code of text/sound track or separate title eng
Language code of original and/or intermediate translations of text fre
042 ## - AUTHENTICATION CODE
Authentication code pcc
050 00 - LIBRARY OF CONGRESS CALL NUMBER
Classification number B2430.B33973
Item number C7315 2008
082 00 - DEWEY DECIMAL CLASSIFICATION NUMBER
Classification number 110
Edition number 22
300 ## - PHYSICAL DESCRIPTION
Dimensions 20 cm.
100 1# - MAIN ENTRY--PERSONAL NAME
Personal name Baudrillard, Jean,
Dates associated with a name 1929-2007.
9 (RLIN) 7655
240 10 - UNIFORM TITLE
Uniform title <a href="Crime parfait.">Crime parfait.</a>
Language of a work English
245 14 - TITLE STATEMENT
Title The perfect crime /
Statement of responsibility, etc Jean Baudrillard ; translated by Chris Turner.
260 ## - PUBLICATION, DISTRIBUTION, ETC. (IMPRINT)
Place of publication, distribution, etc London ;
-- New York :
Name of publisher, distributor, etc Verso Books
Date of publication, distribution, etc 2008.
300 ## - PHYSICAL DESCRIPTION
Extent xii, 156 p. ;
440 #0 - SERIES STATEMENT/ADDED ENTRY--TITLE
Title Radical thinkers ;
Volume number/sequential designation 28
9 (RLIN) 11528
500 ## - GENERAL NOTE
General note Originally published: London : Verso, c1996.
504 ## - BIBLIOGRAPHY, ETC. NOTE
Bibliography, etc Includes bibliographical references (p. 153-156).
505 0# - FORMATTED CONTENTS NOTE
Formatted contents note The perfect crime -- The spectre of the will -- The radical illusion -- Trompe-l'œl genesis -- The automatic writing of the world -- The horizon of disappearance -- The countdown -- The material illusion -- The secret vestiges of perfection -- The height of reality -- The irony of technology -- Machinic snobbery -- Objects in this mirror -- The Babel syndrome -- Radical thought -- The other side of the crime -- The world without women -- The surgical removal of otherness -- The "laying-off" of desire -- The new victim order -- Indifference and hatred -- The revenge of the mirror people.
650 #0 - SUBJECT ADDED ENTRY--TOPICAL TERM
Topical term or geographic name as entry element Reality.
9 (RLIN) 11529
700 1# - ADDED ENTRY--PERSONAL NAME
Personal name Turner, Chris,
Dates associated with a name 1953-
9 (RLIN) 11441
856 42 - ELECTRONIC LOCATION AND ACCESS
Materials specified Contributor biographical information
Uniform Resource Identifier <a href="http://www.loc.gov/catdir/enhancements/fy1312/2008297413-b.html">http://www.loc.gov/catdir/enhancements/fy1312/2008297413-b.html</a>
856 42 - ELECTRONIC LOCATION AND ACCESS
Materials specified Publisher description
Uniform Resource Identifier <a href="http://www.loc.gov/catdir/enhancements/fy1312/2008297413-d.html">http://www.loc.gov/catdir/enhancements/fy1312/2008297413-d.html</a>
906 ## - LOCAL DATA ELEMENT F, LDF (RLIN)
a 7
b cbc
c pccadap
d 2
e ncip
f 20
g y-gencatlg
942 ## - ADDED ENTRY ELEMENTS (KOHA)
Source of classification or shelving scheme Library of Congress Classification
Koha item type Monograph ( Printed materials)
Holdings
Withdrawn status Lost status Source of classification or shelving scheme Damaged status Not for loan Collection code Home library Current library Shelving location Date acquired Total Checkouts Full call number Barcode Date last seen Price effective from Koha item type
    Library of Congress Classification     Main Collection ARRUPE LIBRARY ARRUPE LIBRARY Main Collection 24/09/2014   B2430.B33973 C7315 2008 46500001419 24/09/2014 24/09/2014 Monograph ( Printed materials)

 

Arrupe Library. PO Box MP320 Mt Pleasant, Harare, Zimbabwe
263 242 745411|librarian@aju.ac.zw